01456nam a2200265Ia 4500001000600000003000900006008004100015040001300056040001300069041001300082100001700095100002900112240003700141240003500178245003400213245003400247250001100281260001200292260001200304260004900316300004100365500072100406650003201127650003101159E5269IT-RoPAU130308s9999 xx 000 0 und d aIT-RoPAU cIT-RoPAU aITALIANO aGutbrod Karl gCodice Aut. SPICS: 48474 aEIN WEG ZU DEN GLEICHNISSEN JESU gCodice Tit. Orig. Spics: T3061 aGuida alle parabole di Gesù bGuida Alle parabole di Gesù a1a ed. aBRESCIA bPaideia c1980 [1° Ed.:1980 - Ed.Ling.Originale:1967] a"80 p. (prefazione: no ; testo: 80)" aParabola Come Strumento dell'Attività Salvifica di Gesu': Parabola Come Forma Letteraria, forme delle parabole di Gesu', Difficoltà nella Comprensione delle parabole di Gesu', Cultura Biblica e Uso Peculiare delle Paraboleda parte di Gesu', Modello Narrativo di Lc. 7,36 50. Una Chiave per le parabole di Gesu': Regolarità nelle parabole di Gesu', Metodo per la Lettura delle parabole di Gesu'. Teoria dell'Indurimento Intenzionale. verifica della Chiave Sulla Parabola del Seminatore: Esegesi della Parabola del Seminatore, cosiddetta spiegazione della Parabola del Seminatore, Parabola del Seminatore e Discorso Sul Seminatore, un Metodo per L'Uso della Parabola del Seminatore e del Discorso del Seminatore. aSTUDI/COMMENTI SULLA BIBBIA eCodice materia Spics: 9052